000 002370000a22000970004500
100 1 _aLlerena, Mario
245 1 0 _aEl mito que no muere
300 _aVol. 10, Núm 50 (1998), Páginas 30-31
773 0 _tImpacto Presbiteriano
942 _cANA
999 _c51084
_d51084